00487nam a2200133Ia 4500008004100000020001800041050002900059100001600088245007000104260002100174300002000195500006400215650007400279120720s9999 xx 000 0 und d a968-18-5268-7 aCONSULTA QA7615 G66 1999 aGOOKIN, DAN aDICCIONARIO ILUSTRADO DE COMPUTACION PARA INEXPERTOS / DAN GOOKIN aMEXICO : NORIEGA a629 P. / 21 CM. aTRADUCCIÓN DE: ILUSTRATED COMPUTER DICTIONARY FOR DOMMIES a1. COMPUTADORAS -- DICCIONARIOS 2. DICCIONARIOS -- COMPUTADORASÌÌ